000
00476nam a2200169Ia 4500
008
090711s9999 xx 000 0 und d
082
_b
101
100
_a
बापट मुकुंद
245
_a
रSाना
260
_b
सुर्याक्षरविविधा
_c
2000
300
_a
160
600
_a
बापट मुकुंद
630
_a
रSाना
700
_a
बापट मुकुंद
730
_a
रSाना
942
_c
BOOK
999
_c
337288
_d
337288